00485nam a2200145 a 450000100100000000500170001000800410002704000250006824500160009326000720010930000270018104900090020895201050021799900170032200003128020200930062824.0110617s2005 dr a 000 0 spa d aDO-SdBNPbspacBNPHU00aWindows Xp. aSan Cristobal :bCentro Laboral Hijas de María Hato Damas,c2005. a65 p. :bil. ;c28 cm. aBNPD 0010718PDaPDbPDcCTd2011-06-17iLF1l0o p31280-10r2020-06-25w2020-06-25yLFPDZNo se presta c30772d30772